| 000 | 00557nam a22002057a 4500 | ||
|---|---|---|---|
| 003 | OSt | ||
| 005 | 20130515121518.0 | ||
| 008 | 130515s1995 sp ||||| |||| 00| 0 cat d | ||
| 020 | _a8486491797 | ||
| 040 | _cCDMR | ||
| 100 | 1 |
_92974 _aLuján, Nèstor |
|
| 245 | 1 | 3 |
_aEl túnel dels anys 40 _b: memòria personal _cNèstor Luján |
| 250 | _a2a ed. | ||
| 260 |
_aBarcelona _bLa Campana _c1995 |
||
| 300 | _a237 p. | ||
| 490 | 0 |
_aLa Campana _v85 |
|
| 600 | 1 |
_92974 _aLuján, Nèstor _vRecull d'escrits |
|
| 650 | 0 | 4 |
_93291 _aEscriptors catalans |
| 942 |
_2udc _cMON |
||
| 999 |
_c6258 _d6258 |
||